La confessione
Salvato in:
| Autore principale: | |
|---|---|
| Natura: | Libro |
| Lingua: | lingua imprecisata |
| Pubblicazione: |
Roma
Editori Riuniti
2000
|
| Tags: |
Nessun Tag, puoi essere il primo ad aggiungerne!!
|
MARC
| LEADER | 00000nam a2200000Ia 4500 | ||
|---|---|---|---|
| 001 | 60 | ||
| 003 | NUMERAZIONE-ORIGINALE-BRESCIA | ||
| 005 | 20260206230747.0 | ||
| 008 | 260206s9999 xx 000 0 und d | ||
| 100 | |a Politi Marco | ||
| 245 | 0 | |a La confessione | |
| 260 | |a Roma | ||
| 260 | |b Editori Riuniti | ||
| 260 | |c 2000 | ||
| 500 | |a Primo piano | ||
| 500 | |a Un prete gay racconta la sua storia | ||
| 942 | |2 ddc |c BK |n 0 | ||
| 952 | |0 0 |1 0 |2 ddc |4 0 |6 24 |7 0 |9 28246 |a BS |b BS |d 2026-02-06 |i 60 |l 0 |o 2-4-* |r 2026-02-06 22:40:31 |w 2026-02-06 |x [REVISIONARE] |y BK | ||
| 999 | |c 23942 |d 23942 | ||